[Event "Oskarja Memorial 10th"]
[Site "Chess.com INT"]
[Date "2021.01.16"]
[Round "12"]
[White "Nikolic, Boban"]
[Black "Peric, Bernard"]
[Result "0-1"]
[WhiteElo "2200"]
[BlackElo "2196"]
[PlyCount "72"]
[EventDate "2021.01.16"]
[EventType "swiss (blitz)"]
[EventRounds "15"]
[EventCountry "SLO"]
[SourceTitle "CBM 200 Extra"]
[Source "ChessBase"]
[SourceDate "2021.03.31"]
[SourceVersion "1"]
[SourceVersionDate "2021.03.31"]
[SourceQuality "1"]

1. c4 Nf6 2. Nf3 c5 3. Nc3 Nc6 4. e3 g6 5. d4 cxd4 6. exd4 d5 7. cxd5 Nxd5 8. Bc4 Nxc3 9. Qb3 e6 10. bxc3 Bd7 11. Be2 Be7 12. Ba3 0-0 13. 0-0 Qc7 14. Rab1 b6 15. Bxe7 Nxe7 16. Ne5 Rad8 17. Nxd7 Qxd7 18. Rfd1 Nf5 19. Bf3 Rfe8 20. g3 Qc7 21. Rbc1 Kg7 22. Qb2 h5 23. c4 h4 24. d5+ e5 25. Be4 Nd6 26. Bd3 hxg3 27. hxg3 Qc5 28. Re1 f6 29. Kg2 e4 30. Bf1 Nf7 31. Re3 Re7 32. Rce1 Rde8 33. Kg1 Ne5 34. Bg2 Nd3 35. Qc3 Nxe1 36. Rxe1 e3 0-1

[Event "Oskarja Memorial 10th"]
[Site "Chess.com INT"]
[Date "2021.01.16"]
[Round "2"]
[White "Nikolic, Boban"]
[Black "Skobe, Miran"]
[Result "1-0"]
[WhiteElo "2200"]
[BlackElo "1800"]
[PlyCount "115"]
[EventDate "2021.01.16"]
[EventType "swiss (blitz)"]
[EventRounds "15"]
[EventCountry "SLO"]
[SourceTitle "CBM 200 Extra"]
[Source "ChessBase"]
[SourceDate "2021.03.31"]
[SourceVersion "1"]
[SourceVersionDate "2021.03.31"]
[SourceQuality "1"]

1. c4 g6 2. Nf3 Bg7 3. d4 d6 4. e3 Nd7 5. Be2 e5 6. Nc3 Ne7 7. 0-0 0-0 8. b3 Nc6 9. Bb2 a6 10. d5 Ne7 11. Rc1 h6 12. b4 f5 13. c5 g5 14. Nd2 f4 15. cxd6 cxd6 16. Nc4 Nb6 17. e4 Nxc4 18. Bxc4 f3 19. g3 Qe8 20. Re1 Qh5 21. Bf1 Bh3 22. Re3 Bxf1 23. Qxf1 g4 24. h3 gxh3 25. Kh2 Bf6 26. Qxh3 Qxh3+ 27. Kxh3 Bg5 28. Nd1 Bxe3 29. Nxe3 Rac8 30. Rh1 Kg7 31. Kg4 Kg6 32. Rh4 Rf7 33. Rh1 Ng8 34. Nf5 Rc2 35. Bc1 Rxf2 36. Be3 Rxa2 37. Nxd6 Rf6 38. Nc4 f2 39. Nxe5+ Kg7 40. Rf1 Re2 41. Bf4 b6 42. Kf3 Rb2 43. Nd3 Rb3 44. Ke3 a5 45. Be5 Kg6 46. Bxf6 Nxf6 47. bxa5 bxa5 48. Kd4 a4 49. Rxf2 a3 50. Ra2 Kg5 51. e5 Ne8 52. d6 Kf5 53. d7 Nc7 54. d8Q Ne6+ 55. Kc4 Nxd8 56. Kxb3 Ke4 57. Kc3 Ne6 58. Rxa3 1-0

[Event "Pirot"]
[Site "Pirot"]
[Date "2020.11.01"]
[Round "4"]
[White "Dudin, Gleb"]
[Black "Nikolic, Boban"]
[Result "1-0"]
[WhiteElo "2395"]
[BlackElo "2248"]
[PlyCount "73"]
[EventDate "2020.10.30"]
[EventType "tourn"]
[EventRounds "9"]
[EventCountry "SRB"]
[EventCategory "2"]
[SourceTitle "CBM 199 Extra"]
[Source "ChessBase"]
[SourceDate "2021.01.31"]
[SourceVersion "1"]
[SourceVersionDate "2021.01.31"]
[SourceQuality "1"]

1. d4 g6 2. e4 Bg7 3. Nc3 d6 4. Be3 a6 5. Qd2 Nd7 6. f3 b5 7. Nd1 c5 8. c3 Qc7 9. Nf2 Bb7 10. h4 h5 11. Ngh3 e5 12. Be2 Ngf6 13. d5 c4 14. 0-0 Nc5 15. g3 0-0 16. Kg2 a5 17. Ng5 Rfe8 18. Qc2 Ba6 19. Rae1 b4 20. Bxc5 Qxc5 21. Qd2 bxc3 22. bxc3 Rab8 23. Qc1 Re7 24. f4 exf4 25. gxf4 Reb7 26. Bf3 Rb2 27. Re2 Qa3 28. e5 Ne8 29. f5 Qxa2 30. fxg6 fxg6 31. Qf4 R8b7 32. Rxb2 Qxb2 33. exd6 Qxc3 34. Rb1 Qe5 35. Qxe5 Bxe5 36. Rxb7 Bg7 37. Rb1 1-0

[Event "Pirot"]
[Site "Pirot"]
[Date "2020.10.31"]
[Round "3"]
[White "Nikolic, Boban"]
[Black "Stanojevic, Ilija"]
[Result "0-1"]
[WhiteElo "2248"]
[BlackElo "2241"]
[PlyCount "94"]
[EventDate "2020.10.30"]
[EventType "tourn"]
[EventRounds "9"]
[EventCountry "SRB"]
[EventCategory "2"]
[SourceTitle "CBM 199 Extra"]
[Source "ChessBase"]
[SourceDate "2021.01.31"]
[SourceVersion "1"]
[SourceVersionDate "2021.01.31"]
[SourceQuality "1"]

1. Nf3 d5 2. c4 d4 3. g3 Nc6 4. Bg2 e5 5. d3 Nf6 6. 0-0 Be7 7. b4 Nxb4 8. Nxe5 0-0 9. a3 Na6 10. Nd2 Nc5 11. Nb3 Re8 12. Na5 Bd6 13. Nf3 c6 14. Nb3 Nxb3 15. Qxb3 Bc5 16. Re1 h6 17. Bd2 a5 18. e3 dxe3 19. fxe3 a4 20. Qc3 Bf5 21. d4 Bd6 22. Qb2 Rb8 23. Bb4 Bc7 24. Nd2 Ne4 25. Rf1 Bg6 26. Nxe4 Bxe4 27. Bxe4 Rxe4 28. Rf3 Qe8 29. Raf1 f6 30. Re1 b5 31. Qc2 Bb6 32. cxb5 cxb5 33. Qf2 Qc6 34. Rf4 Rxf4 35. Qxf4 Rc8 36. Qd6 Qxd6 37. Bxd6 Rc6 38. Bb4 Rc2 39. Rd1 Kf7 40. Rd2 Rxd2 41. Bxd2 Ke6 42. Kf2 f5 43. Bb4 g5 44. h4 g4 45. Ke2 h5 46. Kd3 Kd5 47. Be1 Bc7 0-1

[Event "Pirot"]
[Site "Pirot"]
[Date "2020.10.30"]
[Round "1"]
[White "Delchev, Aleksander"]
[Black "Nikolic, Boban"]
[Result "1/2-1/2"]
[WhiteElo "2531"]
[BlackElo "2248"]
[PlyCount "87"]
[EventDate "2020.10.30"]
[EventType "tourn"]
[EventRounds "9"]
[EventCountry "SRB"]
[EventCategory "2"]
[SourceTitle "CBM 199 Extra"]
[Source "ChessBase"]
[SourceDate "2021.01.31"]
[SourceVersion "1"]
[SourceVersionDate "2021.01.31"]
[SourceQuality "1"]

1. e4 g6 2. d4 Bg7 3. c4 d6 4. Ne2 e5 5. d5 Nd7 6. Nbc3 h5 7. h4 Nh6 8. g3 0-0 9. f3 f5 10. Bg5 Nf6 11. Qd2 Nf7 12. Be3 fxe4 13. Nxe4 Nxe4 14. fxe4 Bg4 15. Bg2 Qd7 16. 0-0 Bh3 17. Nc3 a6 18. Rf3 Bg4 19. Rf2 Kh7 20. Raf1 Nh6 21. Rxf8 Rxf8 22. Rxf8 Bxf8 23. b4 Nf7 24. a4 Be7 25. a5 g5 26. hxg5 Kg6 27. Qf2 Nxg5 28. Kh2 Bf6 29. c5 Qh7 30. Bxg5 Bxg5 31. Bh3 Qh6 32. c6 Be3 33. Qf1 b5 34. Kg2 Bxh3+ 35. Kxh3 Qg5 36. Qf8 Qg4+ 37. Kg2 Bd2 38. Qe8+ Kf6 39. Qd8+ Kg6 40. Qxc7 Bxc3 41. Qxd6+ Kf7 42. Qc7+ Kf6 43. Qd8+ Kf7 44. Qc7+ 1/2-1/2

[Event "SRB-chT2 East"]
[Site "Serbia"]
[Date "2017.09.10"]
[Round "4.2"]
[White "Ristic, Boban"]
[Black "Nikolic, Boban"]
[Result "0-1"]
[WhiteElo "2030"]
[BlackElo "2248"]
[PlyCount "66"]
[EventDate "2017.09.08"]
[EventType "team-tourn"]
[EventRounds "11"]
[EventCountry "SRB"]
[SourceTitle "EXT 2022"]
[Source "ChessBase"]
[SourceDate "2021.10.06"]
[SourceVersion "1"]
[SourceVersionDate "2021.10.06"]
[SourceQuality "1"]

1. d4 e6 2. Nf3 c5 3. c3 Nf6 4. Bf4 cxd4 5. Nxd4 d5 6. e3 a6 7. Nf3 Bd6 8. Bxd6 Qxd6 9. Nbd2 0-0 10. Be2 Nc6 11. 0-0 e5 12. a4 Re8 13. Re1 e4 14. Nd4 Ne5 15. h3 Ng6 16. c4 Qe5 17. cxd5 Qg5 18. Kh2 Qh4 19. Kg1 Bxh3 20. gxh3 Qxh3 21. Bf1 Qh4 22. f4 exf3 23. N4xf3 Qg3+ 24. Bg2 Ng4 25. Qe2 Nf4 26. exf4 Rxe2 27. Rxe2 Qxf4 28. Re4 Qg3 29. Nf1 Qf2+ 30. Kh1 Qxb2 31. Rae1 Nf2+ 32. Kh2 Nd3 33. Rd1 Qf6 0-1

[Event "SRB-chT2 East"]
[Site "Serbia"]
[Date "2017.09.09"]
[Round "2.1"]
[White "Nikolic, Boban"]
[Black "Igic, Vladan"]
[Result "1-0"]
[WhiteElo "2248"]
[BlackElo "1989"]
[PlyCount "105"]
[EventDate "2017.09.08"]
[EventType "team-tourn"]
[EventRounds "11"]
[EventCountry "SRB"]
[SourceTitle "EXT 2022"]
[Source "ChessBase"]
[SourceDate "2021.10.06"]
[SourceVersion "1"]
[SourceVersionDate "2021.10.06"]
[SourceQuality "1"]

1. Nf3 Nf6 2. d4 e6 3. g3 b6 4. Bg2 Bb7 5. 0-0 Be7 6. b3 0-0 7. Bb2 c5 8. dxc5 bxc5 9. c4 d5 10. cxd5 Nxd5 11. Nc3 Nxc3 12. Bxc3 Nc6 13. Qxd8 Rfxd8 14. Ne5 Nxe5 15. Bxb7 Rab8 16. Be4 Nd7 17. Rac1 Nf6 18. Bd3 Nd5 19. Ba5 Nb6 20. Rfd1 Rd5 21. e4 Rd7 22. Kf1 Rbd8 23. Ke2 Rd4 24. Bc3 R4d7 25. a4 c4 26. Bxc4 Nxc4 27. bxc4 Rxd1 28. Rxd1 Rxd1 29. Kxd1 Bc5 30. f3 Kf8 31. Ke2 g6 32. Kd3 a6 33. Bd4 Bb4 34. c5 Ke7 35. Kc4 Be1 36. Be3 Kd7 37. f4 Kc6 38. f5 exf5 39. exf5 h5 40. fxg6 fxg6 41. Kd4 Bb4 42. Ke5 Bxc5 43. Bg5 Bg1 44. h4 Bf2 45. Bf4 Kd7 46. Kf6 Be1 47. Kxg6 Ke6 48. Kxh5 Kf5 49. Bc7 Bf2 50. g4+ Kf6 51. Bd8+ Kg7 52. Kg5 Be3+ 53. Kf5 1-0

[Event "SRB-chT2 East"]
[Site "Serbia"]
[Date "2017.09.09"]
[Round "3.3"]
[White "Zivic, Jovan"]
[Black "Nikolic, Boban"]
[Result "0-1"]
[WhiteElo "2090"]
[BlackElo "2248"]
[PlyCount "120"]
[EventDate "2017.09.08"]
[EventType "team-tourn"]
[EventRounds "11"]
[EventCountry "SRB"]
[SourceTitle "EXT 2022"]
[Source "ChessBase"]
[SourceDate "2021.10.06"]
[SourceVersion "1"]
[SourceVersionDate "2021.10.06"]
[SourceQuality "1"]

1. d4 Nf6 2. Nf3 e6 3. e3 c5 4. Be2 b6 5. 0-0 Bb7 6. c4 g6 7. Nc3 Bg7 8. Qc2 0-0 9. b3 d5 10. Rd1 Qe7 11. Bb2 dxc4 12. bxc4 cxd4 13. exd4 Rd8 14. a4 Nc6 15. Ba3 Qd7 16. c5 Nd5 17. Nb5 bxc5 18. Bxc5 Rac8 19. Qb3 Nf4 20. Bf1 Ba8 21. Rac1 Qb7 22. Rc3 Nd5 23. Rcd3 Rb8 24. Qa3 Bf8 25. Bxf8 Rxf8 26. Nd6 Qe7 27. Nc4 Rfd8 28. Qxe7 Ncxe7 29. Nce5 f6 30. Nc4 Nf4 31. Ra3 Nf5 32. g3 Nd5 33. Bh3 Nb4 34. Bxf5 gxf5 35. Rb3 Nc2 36. Rxb8 Rxb8 37. Ne1 Rb4 38. Nxc2 Rxc4 39. Ne3 Rxa4 40. d5 exd5 41. Nxd5 Kf7 42. h4 Ra5 43. Nf4 Bf3 44. Rc1 Ra3 45. Ng2 a5 46. Ne3 Be4 47. Nc4 Ra2 48. Re1 Kg6 49. Nd6 Bf3 50. Nb5 a4 51. Nd4 Be4 52. f3 Bd5 53. Rd1 a3 54. h5+ Kxh5 55. Nxf5 Bxf3 56. Rd7 Be4 57. Nd6 Rd2 58. Nxe4 Rxd7 59. Nxf6+ Kg6 60. Nxd7 a2 0-1

[Event "SRB-chT2 East"]
[Site "Serbia"]
[Date "2017.09.08"]
[Round "1.3"]
[White "Djordjevic, Dejan N"]
[Black "Nikolic, Boban"]
[Result "1/2-1/2"]
[WhiteElo "2190"]
[BlackElo "2248"]
[PlyCount "84"]
[EventDate "2017.09.08"]
[EventType "team-tourn"]
[EventRounds "11"]
[EventCountry "SRB"]
[SourceTitle "EXT 2022"]
[Source "ChessBase"]
[SourceDate "2021.10.06"]
[SourceVersion "1"]
[SourceVersionDate "2021.10.06"]
[SourceQuality "1"]

1. e4 d6 2. d4 Nf6 3. Nc3 g6 4. g3 Bg7 5. Bg2 0-0 6. Nge2 Nbd7 7. 0-0 c5 8. h3 Rb8 9. a4 b6 10. g4 cxd4 11. Nxd4 Bb7 12. Re1 a6 13. Nd5 e6 14. Nxf6+ Qxf6 15. Nf3 Nc5 16. e5 dxe5 17. Nxe5 Rfd8 18. Qe2 Qxe5 19. Qxe5 Bxe5 20. Rxe5 Rd1+ 21. Kh2 Nxa4 22. Rxa4 Rxc1 23. Re2 a5 24. Rd2 g5 25. Rc4 Bxg2 26. Kxg2 Rb7 27. Rd3 b5 28. Rc5 h6 29. Rb3 b4 30. c3 Ra1 31. cxb4 axb4 32. Rc4 Ra4 33. Kf3 Kg7 34. Ke3 Rb5 35. Ke4 f5+ 36. Kf3 h5 37. Re3 Ra6 38. gxf5 Rxf5+ 39. Kg2 Rb6 40. Rce4 Rfb5 41. b3 Kf6 42. Kg3 Rb8 1/2-1/2

[Event "SRB-chT Central"]
[Site "Kraljevo"]
[Date "2014.09.18"]
[Round "8.1"]
[White "Mladenovic, Stefan"]
[Black "Nikolic, Boban"]
[Result "1-0"]
[WhiteElo "2336"]
[BlackElo "2242"]
[PlyCount "74"]
[EventDate "2014.09.13"]
[EventType "team-tourn"]
[EventRounds "11"]
[EventCountry "SRB"]
[SourceTitle "CBM 162 Extra"]
[Source "ChessBase"]
[SourceDate "2014.10.17"]
[SourceVersion "1"]
[SourceVersionDate "2014.10.17"]
[SourceQuality "1"]
[WhiteTeam "Paracin"]
[BlackTeam "Pirot"]
[WhiteTeamCountry "SRB"]
[BlackTeamCountry "SRB"]

1. d4 Nf6 2. Nf3 g6 3. c4 Bg7 4. Nc3 d5 5. cxd5 Nxd5 6. e4 Nxc3 7. bxc3 0-0 8. Be3 c5 9. Rc1 Qa5 10. Qd2 cxd4 11. cxd4 Qxd2+ 12. Nxd2 e6 13. Nb3 b6 14. g3 Bb7 15. Bg2 Na6 16. 0-0 Rfc8 17. d5 exd5 18. exd5 Rxc1 19. Rxc1 Bf8 20. Nd4 Nb4 21. Nc6 Nxa2 22. Rc2 Nb4 23. Nxb4 Bxb4 24. Rc7 Ba6 25. d6 Rd8 26. Bd5 Rxd6 27. Bxf7+ Kh8 28. Bh6 Rd1+ 29. Kg2 Bf1+ 30. Kf3 Rd3+ 31. Ke4 Rc3 32. Rxa7 Bg2+ 33. Kd4 Rc8 34. Be6 Rd8+ 35. Kc4 Bf8 36. Bg5 b5+ 37. Kc3 b4+ 1-0

[Event "SRB-chT Central"]
[Site "Kraljevo"]
[Date "2014.09.15"]
[Round "4.1"]
[White "Nikolic, Boban"]
[Black "Ratkovic, Milovan"]
[Result "1/2-1/2"]
[WhiteElo "2242"]
[BlackElo "2315"]
[PlyCount "38"]
[EventDate "2014.09.13"]
[EventType "team-tourn"]
[EventRounds "11"]
[EventCountry "SRB"]
[SourceTitle "CBM 162 Extra"]
[Source "ChessBase"]
[SourceDate "2014.10.17"]
[SourceVersion "1"]
[SourceVersionDate "2014.10.17"]
[SourceQuality "1"]
[WhiteTeam "Pirot"]
[BlackTeam "Ub"]
[WhiteTeamCountry "SRB"]
[BlackTeamCountry "SRB"]

1. c4 c6 2. g3 d5 3. Bg2 Nf6 4. Nf3 dxc4 5. Qc2 Qd5 6. Na3 Be6 7. Nh4 Qd4 8. Nf5 Bxf5 9. Qxf5 e6 10. Qf3 Nbd7 11. 0-0 Bc5 12. Nc2 Qd6 13. b4 cxb3 14. Qxb3 Qc7 15. d4 Bd6 16. e4 e5 17. f4 exd4 18. e5 Nxe5 19. fxe5 Bxe5 1/2-1/2

[Event "SRB-chT Central"]
[Site "Kragujevac"]
[Date "2013.09.14"]
[Round "1.2"]
[White "Cvetanovic, Uros"]
[Black "Nikolic, Boban"]
[Result "1-0"]
[WhiteElo "2258"]
[BlackElo "2255"]
[PlyCount "71"]
[EventDate "2013.09.14"]
[EventType "team-tourn"]
[EventRounds "11"]
[EventCountry "SRB"]
[SourceTitle "CBM 156 Extra"]
[Source "ChessBase"]
[SourceDate "2013.10.22"]
[SourceVersion "1"]
[SourceVersionDate "2013.10.22"]
[SourceQuality "1"]
[WhiteTeam "Paracin"]
[BlackTeam "Pirot Progres"]
[WhiteTeamCountry "SRB"]
[BlackTeamCountry "SRB"]

1. e4 c6 2. Nf3 d5 3. exd5 cxd5 4. Ne5 Nf6 5. d4 g6 6. Bd3 Nc6 7. c3 Bg7 8. 0-0 Nxe5 9. dxe5 Ng4 10. Bb5+ Kf8 11. c4 Be6 12. cxd5 Qxd5 13. Qxd5 Bxd5 14. Nc3 Bc6 15. Bxc6 bxc6 16. f4 f6 17. h3 Nh6 18. g4 Nf7 19. Ne4 fxe5 20. fxe5 Kg8 21. e6 Nd8 22. Ng5 h5 23. Kg2 hxg4 24. hxg4 Rb8 25. Nf7 Rh7 26. Nxd8 Rxd8 27. Rf7 Bxb2 28. Bxb2 Rd2+ 29. Kg3 Rxb2 30. Raf1 Rxf7 31. Rxf7 Rb7 32. Kf4 c5 33. Kg5 c4 34. Kxg6 c3 35. Rg7+ Kf8 36. Kh7 1-0

[Event "SRB-chT"]
[Site "Vrnjacka Banja"]
[Date "2012.10.04"]
[Round "8.4"]
[White "Nikolic, Boban"]
[Black "Nestorovic, Lazar"]
[Result "0-1"]
[WhiteElo "2235"]
[BlackElo "2384"]
[PlyCount "66"]
[EventDate "2012.09.29"]
[EventType "team-tourn"]
[EventRounds "11"]
[EventCountry "SRB"]
[SourceTitle "CBM 150 Extra"]
[Source "ChessBase"]
[SourceDate "2012.10.19"]
[SourceVersion "1"]
[SourceVersionDate "2012.10.19"]
[SourceQuality "1"]
[WhiteTeam "Pirot"]
[BlackTeam "Goracici Jelica"]
[WhiteTeamCountry "SRB"]
[BlackTeamCountry "SRB"]

1. c4 Nf6 2. g3 g6 3. Bg2 Bg7 4. Nc3 0-0 5. d3 e6 6. Bg5 h6 7. Bxf6 Qxf6 8. Nf3 Nc6 9. 0-0 d6 10. Nd2 Qe7 11. e3 f5 12. f4 e5 13. Nd5 Qf7 14. Rb1 Nd8 15. fxe5 dxe5 16. e4 Be6 17. exf5 gxf5 18. Ne4 c6 19. Ndc3 Qd7 20. Nf2 Nf7 21. Qd2 Bxc4 22. b4 Rad8 23. Qe3 Bxd3 24. Rbd1 e4 25. Ncxe4 fxe4 26. Bxe4 Bd4 27. Qxd3 Bxf2+ 28. Rxf2 Qe6 29. Rxf7 Qxf7 30. Qxd8 Qf2+ 31. Kh1 Rxd8 32. Rxd8+ Kf7 33. Bd3 Ke7 0-1

[Event "SRB-chT"]
[Site "Vrnjacka Banja"]
[Date "2012.09.30"]
[Round "3.6"]
[White "Tasic, Vladimir"]
[Black "Nikolic, Boban"]
[Result "0-1"]
[WhiteElo "2250"]
[BlackElo "2235"]
[PlyCount "92"]
[EventDate "2012.09.29"]
[EventType "team-tourn"]
[EventRounds "11"]
[EventCountry "SRB"]
[SourceTitle "CBM 150 Extra"]
[Source "ChessBase"]
[SourceDate "2012.10.19"]
[SourceVersion "1"]
[SourceVersionDate "2012.10.19"]
[SourceQuality "1"]
[WhiteTeam "Kraljevo Sloga"]
[BlackTeam "Pirot"]
[WhiteTeamCountry "SRB"]
[BlackTeamCountry "SRB"]

1. f4 d5 2. Nf3 g6 3. g3 Bg7 4. Bg2 Nh6 5. c3 c6 6. d3 Nd7 7. e4 dxe4 8. dxe4 Nc5 9. Qxd8+ Kxd8 10. e5 Nd3+ 11. Ke2 Nxc1+ 12. Rxc1 Kc7 13. Nbd2 f6 14. exf6 exf6 15. h3 Re8+ 16. Kf2 Nf5 17. Re1 Be6 18. g4 Nd6 19. Nd4 Bf7 20. Ne4 Nxe4+ 21. Rxe4 Rxe4 22. Bxe4 Bf8 23. f5 Bc5 24. a3 Bxd4+ 25. cxd4 g5 26. h4 Re8 27. Bf3 h6 28. Rh1 Rf8 29. hxg5 hxg5 30. Rh6 Bc4 31. Ke3 a5 32. Rh7+ Kb6 33. Rd7 Rh8 34. b4 a4 35. d5 Rh3 36. dxc6 bxc6 37. Kf2 Rh2+ 38. Ke1 Ra2 39. Rd6 Bb5 40. Rxf6 Rxa3 41. Bd1 Re3+ 42. Kd2 a3 43. Kxe3 a2 44. Bf3 a1Q 45. Rg6 Qe1+ 46. Kd4 Qxb4+ 0-1

[Event "SRB-chT 1st League"]
[Site "Vrnjacka Banja"]
[Date "2009.09.21"]
[Round "4"]
[White "Nikolic, Boban"]
[Black "Milenkovic, Mladen"]
[Result "0-1"]
[WhiteElo "2236"]
[BlackElo "2341"]
[PlyCount "110"]
[EventDate "2009.09.19"]
[EventType "team-swiss"]
[EventRounds "11"]
[EventCountry "YUG"]
[SourceTitle "CBM 132 Extra"]
[Source "ChessBase"]
[SourceDate "2009.11.03"]
[SourceVersion "1"]
[SourceVersionDate "2009.11.03"]
[SourceQuality "1"]

1. d4 Nf6 2. Nf3 c5 3. e3 e6 4. c4 cxd4 5. exd4 b6 6. Nc3 Bb7 7. Bd3 Be7 8. 0-0 d6 9. b3 Nbd7 10. Bb2 0-0 11. Qe2 Re8 12. Ng5 h6 13. Nge4 d5 14. Ng3 Rc8 15. Rac1 Bb4 16. Nb1 Bd6 17. f4 Bf8 18. Nd2 g6 19. Nf3 Bg7 20. Ne5 dxc4 21. bxc4 h5 22. Ne4 Nxe4 23. Bxe4 Qc7 24. Qf3 Bxe4 25. Qxe4 Red8 26. d5 Nf6 27. Qf3 Qc5+ 28. Kh1 exd5 29. cxd5 Qxd5 30. Nc6 Qxf3 31. gxf3 Rd2 32. Ne7+ Kh7 33. Rxc8 Rxb2 34. a4 Rb4 35. f5 g5 36. Rc7 Rxa4 37. Rg1 g4 38. fxg4 Nxg4 39. h3 Ra2 40. hxg4 Be5 41. Rgc1 Bxc7 42. Rxc7 hxg4 43. Nc6 Kg7 44. Nd8 Rf2 45. Nxf7 Kf6 46. Nh6 g3 47. Rxa7 Rh2+ 48. Kg1 Rxh6 49. Kg2 Kxf5 50. Kxg3 Ke4 51. Rd7 Rf6 52. Kg4 Rg6+ 53. Kh5 Rg1 54. Rb7 Rb1 55. Kg5 b5 0-1

[Event "SRB-chT 1st League"]
[Site "Vrnjacka Banja"]
[Date "2009.09.20"]
[Round "3"]
[White "Jesic, Dusan"]
[Black "Nikolic, Boban"]
[Result "1/2-1/2"]
[WhiteElo "2395"]
[BlackElo "2236"]
[PlyCount "41"]
[EventDate "2009.09.19"]
[EventType "team-swiss"]
[EventRounds "11"]
[EventCountry "YUG"]
[SourceTitle "CBM 132 Extra"]
[Source "ChessBase"]
[SourceDate "2009.11.03"]
[SourceVersion "1"]
[SourceVersionDate "2009.11.03"]
[SourceQuality "1"]

1. e4 d6 2. d4 Nf6 3. Nc3 g6 4. g3 Bg7 5. Bg2 0-0 6. Nge2 c6 7. a4 a5 8. 0-0 Na6 9. h3 e5 10. Be3 Nb4 11. Kh2 Qe7 12. Qd2 d5 13. exd5 Nfxd5 14. Nxd5 Nxd5 15. Bg5 f6 16. Bh6 Qb4 17. dxe5 Bxh6 18. Qxh6 Qxb2 19. Bxd5+ cxd5 20. Nf4 Qxe5 21. Nxg6 1/2-1/2

[Event "SRB-chT 1st League"]
[Site "Vrnjacka Banja"]
[Date "2009.09.20"]
[Round "2"]
[White "Nikolic, Boban"]
[Black "Dudukovic, Nikola"]
[Result "0-1"]
[WhiteElo "2236"]
[BlackElo "2210"]
[PlyCount "88"]
[EventDate "2009.09.19"]
[EventType "team-swiss"]
[EventRounds "11"]
[EventCountry "YUG"]
[SourceTitle "CBM 132 Extra"]
[Source "ChessBase"]
[SourceDate "2009.11.03"]
[SourceVersion "1"]
[SourceVersionDate "2009.11.03"]
[SourceQuality "1"]

1. Nf3 c5 2. b3 b6 3. Bb2 Bb7 4. e3 e6 5. Be2 Nf6 6. 0-0 Be7 7. c4 0-0 8. Nc3 d5 9. cxd5 Nxd5 10. Nxd5 Bxd5 11. d3 Nd7 12. Qc2 Rc8 13. Rac1 Bf6 14. Rfd1 Bb7 15. a3 Qe7 16. Qb1 Rfd8 17. Rc2 Bxb2 18. Qxb2 Qf6 19. b4 Qxb2 20. Rxb2 Kf8 21. b5 a5 22. Nd2 Ne5 23. Rb3 c4 24. Nxc4 Nxc4 25. dxc4 Rxd1+ 26. Bxd1 Rxc4 27. f3 Ke7 28. Rd3 Rc5 29. a4 Rd5 30. Bc2 Rxd3 31. Bxd3 Bd5 32. Kf2 Bb3 33. Ke2 Bxa4 34. Kd2 Kd6 35. Kc3 Kc5 36. Bxh7 Bxb5 37. h4 Kd6 38. g4 Bc6 39. f4 Bf3 40. g5 g6 41. Kd4 Ke7 42. e4 Kf8 43. f5 exf5 44. exf5 Kg7 0-1